000 00293nam a22001337a 4500
008 190204b xxu||||| |||| 00| 0 eng d
020 _a9780781738187
041 _aeng
080 _a615.83
100 _a8
101 _aEGZF
245 _aPhysical Education
_cBickley, L.S
942 _2udc
_cBK
999 _c53936
_d53936